Confesiones / (Record no. 90058)

MARC details
000 -LEADER
campo de control de longitud fija 00936cam a22003251a 4500
001 - NÚMERO DE CONTROL
campo de control 105688
005 - FECHA Y HORA DE LA ÚLTIMA TRANSACCIÓN
campo de control 20230410132918.0
008 - DATOS DE LONGITUD FIJA--INFORMACIÓN GENERAL
campo de control de longitud fija 861204s2010 sp 000 0 spa
035 ## - NÚMERO DE CONTROL DEL SISTEMA
-- (DLC) 30033476
035 ## - NÚMERO DE CONTROL DEL SISTEMA
Número de control de sistema 8748383
010 ## - NÚMERO DE CONTROL DE LA BIBLIOTECA DEL CONGRESO
Número de control de LC 30033476
035 ## - NÚMERO DE CONTROL DEL SISTEMA
Número de control de sistema (OCoLC)14921620
040 ## - FUENTE DE CATALOGACIÓN
Centro catalogador/agencia de origen DLC
Centro/agencia transcriptor FTaSU
Centro/agencia modificador FTaSU
-- DLC
041 1# - CÓDIGO DE IDIOMA
Código de lengua del texto/banda sonora o título independiente spa
Código de lengua original lat
049 ## - FONDOS LOCALES (OCLC)
Biblioteca depositaria GRAL
050 14 - SIGNATURA TOPOGRÁFICA DE LA BIBLIOTECA DEL CONGRESO
Número de clasificación B 128
Número de ítem G752con 2010
082 00 - NÚMERO DE LA CLASIFICACIÓN DECIMAL DEWEY
Número de clasificación 270.2/092
100 1# - ENTRADA PRINCIPAL--NOMBRE DE PERSONA
Nombre de persona Augustín, Santo, Obispo de Hipona
130 1# - ENTRADA PRINCIPAL--TÍTULO UNIFORME
Título uniforme Grandes obras del pensamiento.
245 10 - MENCIÓN DEL TÍTULO
Título Confesiones /
Mención de responsabilidad, etc. San Agustín.
260 ## - PUBLICACIÓN, DISTRIBUCIÓN, ETC.
Lugar de publicación, distribución, etc. Madrid :
Nombre del editor, distribuidor, etc. El País,
Fecha de publicación, distribución, etc. 2010.
300 ## - DESCRIPCIÓN FÍSICA
Extensión 541 p.:
Otras características físicas ill. ;
Dimensiones 19 cm.
440 #0 - MENCIÓN DE SERIE/PUNTO DE ACCESO ADICIONAL--TÍTULO
Título Grandes obras del pensamiento.
500 ## - NOTA GENERAL
Nota general Traducido del idioma original: confessiones.
600 10 - PUNTO DE ACCESO ADICIONAL DE MATERIA--NOMBRE DE PERSONA
Nombre de persona San Agustín
Subdivisión geográfica Francia
Subdivisión general filosofía.
610 10 - PUNTO DE ACCESO ADICIONAL DE MATERIA--NOMBRE DE ENTIDAD CORPORATIVA
Nombre de entidad corporativa o nombre de jurisdicción como elemento de entrada Catholic church
653 #0 - TÉRMINO DE INDIZACIÓN--NO CONTROLADO
Término no controlado Cristianismo
-- philosofía.
942 ## - ELEMENTOS DE ENTRADA SECUNDARIOS (KOHA)
Fuente del sistema de clasificación o colocación Clasificación de Library of Congress
Tipo de ítem Koha
985 ## -
-- OCLC REPLACEMENT
Holdings
Estatus retirado Estado de pérdida Fuente del sistema de clasificación o colocación Estado de daño No para préstamo Colección Biblioteca de origen Biblioteca actual Ubicación en estantería Fecha de adquisición Signatura topográfica completa Código de barras Visto por última vez Copia número Tipo de ítem Koha
    Clasificación de Library of Congress     Humanidades Biblioteca Juan Bosch Biblioteca Juan Bosch Humanidades (4to. Piso) 10/04/2023 B 128 G752con 2010 00000099103 17/11/2018 1